[Event "Open A"]
[Site "Le Touquet FRA"]
[Date "2008.10.31"]
[Round "8"]
[White "Cappon,J"]
[Black "Larmuseau,Ma"]
[Result "1-0"]
[WhiteElo "2222"]
[BlackElo "2071"]

1.e4 d6 2.d4 g6 3.Nc3 Bg7 4.Be3 a6 5.Qd2 b5 6.f3 Nd7 7.a4 b4 8.Nd1 a5 9.Bb5 Bb7
10.Ne2 c6 11.Bd3 e5 12.c3 bxc3 13.bxc3 Ngf6 14.O-O O-O 15.Nf2 Qc7 16.Bh6 c5
17.Bxg7 Kxg7 18.Bb5 Ba6 19.dxc5 Nxc5 20.Rfb1 Bc8 21.c4 Be6 22.Nc3 Nh5 23.Rb2 f5
24.exf5 Rxf5 25.Nce4 Rd8 26.g4 Rxf3 27.gxh5 Nxe4 28.Nxe4 Qa7+ 29.Kh1 Qb8
30.Re1 Rf4 31.Qg2 Bc8 32.c5 Bg4 33.Ng5 h6 34.Bc6 Qc8 35.Rb7+ Kh8 36.Rh7+ Kg8
37.Bd5+ Kf8 38.hxg6  1-0

[Event "TCh-BEL 2008-9"]
[Site "Belgium BEL"]
[Date "2008.11.02"]
[Round "3"]
[White "Claesen,P"]
[Black "Docx,S"]
[Result "0-1"]
[WhiteElo "2371"]
[BlackElo "2331"]

1.d4 g6 2.e4 Bg7 3.Nc3 d6 4.Nf3 a6 5.a4 b6 6.Bc4 e6 7.O-O Ne7 8.Bf4 Nd7 9.Re1 h6
10.Qd2 Bb7 11.h3 g5 12.Bg3 Ng6 13.Rad1 O-O 14.Qe2 Nf6 15.Nh2 d5 16.exd5 exd5
17.Bd3 Re8 18.Qf3 Qd7 19.Bf5 Qc6 20.Ng4 Ne4 21.Bxg6 fxg6 22.Nxe4 dxe4 23.Qb3+ Kh7
24.Be5 Qd7 25.Nf6+ Bxf6 26.Bxf6 Rf8 27.Be5 Rf5 28.Bg3 Raf8 29.Qc4 Bd5 30.Qc3 h5
31.Rf1 h4 32.Qxc7 Qxc7 33.Bxc7 Bc4 34.Bxb6 e3 35.b3 Bxf1 36.Rxf1 e2  0-1

[Event "21st Belgrade Trophy"]
[Site "Obrenovac SRB"]
[Date "2008.11.02"]
[Round "6"]
[White "Ravic,N"]
[Black "Ostojic,N1"]
[Result "0-1"]
[WhiteElo "2212"]
[BlackElo "2398"]

1.e4 d6 2.d4 g6 3.Nc3 Bg7 4.f4 a6 5.Nf3 b5 6.Bd3 Nd7 7.a4 b4 8.Ne2 c5 9.c3 bxc3
10.bxc3 e6 11.O-O Ne7 12.f5 exf5 13.exf5 Nf6 14.fxg6 hxg6 15.Ng5 O-O 16.Qe1 Nf5
17.Ng3 Nh6 18.N5e4 Nh7 19.dxc5 dxc5 20.Bc4 Ng4 21.Bf4 Ra7 22.Bd6 Bh6 23.Bxf8 Qxf8
24.Qe2 Ne3 25.Rfe1 Kh8 26.Nf1 Re7 27.Nf2 Bf5 28.Nxe3 Bxe3 29.Kh1 Nf6 30.Qf3 Qh6
31.Re2 Kg7 32.Rae1 Bf4 33.g3 Rxe2 34.Rxe2 Bd6 35.Qe3 Qh8 36.Rb2 Qa8+ 37.Kg1 Qc6
38.Rd2 Bf8 39.a5 Qc7 40.Ra2 Nd7 41.Bxa6 Ne5 42.Be2 c4  0-1

[Event "21st Belgrade Trophy"]
[Site "Obrenovac SRB"]
[Date "2008.11.02"]
[Round "6"]
[White "Kuzmanovic,Sl"]
[Black "Belotelov,D"]
[Result "1/2-1/2"]
[WhiteElo "2148"]
[BlackElo "2292"]

1.e4 g6 2.d4 Bg7 3.Nc3 d6 4.Be3 a6 5.Qd2 Nd7 6.f3 b5 7.Nh3 Bb7 8.Nf2 c5 9.dxc5 dxc5
10.O-O-O Ngf6 11.Bh6 Bxh6 12.Qxh6 Qc7 13.g3 O-O-O 14.Bh3 Kb8 15.Bxd7 Nxd7
16.Nd5 Bxd5 17.Rxd5 e6 18.Rd2 Ne5 19.Rhd1 Rxd2 20.Qxd2 Nxf3 21.Qe3 Ne5 22.Nd3 Nxd3+
23.Rxd3 c4 24.Rd4 Rd8 25.a4 Rxd4 26.Qxd4 bxa4 27.Qh8+ Kb7 28.Qf8 a5 29.Qe8 Kb6
30.Qxa4 Qc6 31.Qa3 Qc5 32.Qf3 Qg1+ 33.Kd2 Qd4+ 34.Kc1 Qg1+ 35.Kd2 Qxh2+ 36.Kc3 Qg1
37.Kxc4 Qc5+ 38.Kb3 f5 39.exf5 gxf5 40.c4 Qb4+ 41.Ka2 Qxc4+ 42.b3 Qc2+ 43.Ka1 Qc1+
44.Ka2 Qd2+ 45.Ka1 Qd5 46.Qe3+ Kb5 47.g4 fxg4 48.Qe2+ Kb4 49.Qxg4+ Kxb3 50.Qh3+ Kb4
51.Qxh7 e5 52.Qb1+ Kc5 53.Qc2+ Qc4 54.Qf5 Qc3+ 55.Ka2 Kb4 56.Qf8+ Kc4 57.Qf7+ Kd3
58.Qf1+ Kd2 59.Qg2+ Kd1 60.Qg4+ Ke1 61.Qg1+ Ke2 62.Qg2+ Kd3 63.Qh3+ Kd4 64.Qd7+  1/2-1/2

[Event "FSIMB November"]
[Site "Budapest HUN"]
[Date "2008.11.03"]
[Round "3"]
[White "Pochinkov,A"]
[Black "Parkanyi,A"]
[Result "0-1"]
[WhiteElo "2211"]
[BlackElo "2361"]

1.e4 g6 2.d4 Bg7 3.Nc3 d6 4.Be3 a6 5.Qd2 b5 6.a4 b4 7.Nd1 a5 8.f3 Nd7 9.Bb5 Nf6
10.Ne2 O-O 11.g4 e5 12.d5 Nb6 13.Ng3 Bd7 14.Bxd7 Qxd7 15.b3 Rfc8 16.h4 Rab8
17.h5 c6 18.hxg6 fxg6 19.g5 Ne8 20.dxc6 Rxc6 21.Bxb6 Rbxb6 22.Ne3 Qf7 23.Nd5 Rb7
24.Qh2 Bh8 25.O-O Nc7 26.Nxc7 Rbxc7 27.Rf2 Qf4 28.Raf1 Bg7 29.Rg2 Qxg5 30.f4 Qh6
31.Qxh6 Bxh6 32.fxe5 dxe5 33.Nh5 Kh8 34.Nf6 Be3+ 35.Kh1 Rf7 36.Re1 Rfxf6
37.Rxe3 Rcd6 38.Rg5 Rf2 39.c3 Rd1+ 40.Rg1 Rdd2 41.Rg5 Kg7 42.cxb4 axb4 43.Rgg3 Rb2
44.Re1 h5 45.Ra1 Kh6 46.a5 Ra2 47.Kg1 Rxa1+ 48.Kxf2 Rxa5 49.Rd3 h4 50.Kf3 Kg5
51.Rd1 Rc5 52.Rg1+ Kh5 53.Rd1 Rc3+ 54.Kf2 Rxb3 55.Rd5 Kg4 56.Rxe5 Rb2+ 57.Ke3 h3
58.Re6 g5 59.Rh6 h2 60.e5 Rb3+  0-1

[Event "21st Belgrade Trophy"]
[Site "Obrenovac SRB"]
[Date "2008.11.03"]
[Round "7"]
[White "Dizdarevic,B"]
[Black "Radojkovic,V"]
[Result "0-1"]
[WhiteElo "1877"]
[BlackElo "2036"]

1.e4 d6 2.d4 g6 3.Nc3 Bg7 4.f4 a6 5.a4 Nh6 6.h3 e5 7.dxe5 Qh4+ 8.Ke2 Bg4+
9.Nf3 dxe5 10.Nd5 O-O 11.Nxc7 Nc6 12.c3 Rad8 13.Nd5 Rfe8 14.Qe1 Qh5 15.Rh2 Bxf3+
16.gxf3 Rxd5 17.f5 Rdd8 18.Rg2 f6 19.Qg3 Ne7 20.Kf2 Kh8 21.Bc4 Rd1 22.Be2 Rh1
23.f4 exf4 24.Bxf4 Qxh3 25.Rxh1 Qxh1 26.Rh2 Qxe4 27.Bxh6 Bxh6 28.fxg6 Nf5
29.Qg4 Qe3+ 30.Ke1 Qd2+ 31.Kf2 Ne3 32.g7+ Bxg7 33.Rxh7+ Kxh7 34.Qh5+ Bh6
35.Qf7+ Kh8 36.Qxe8+ Kg7 37.Qe7+ Kg6 38.Qe8+ Kf5 39.Qh5+ Bg5 40.Qh7+ Ke6
41.Qe4+ Kd6 42.Qb4+ Kc6 43.Qe4+ Kc7 44.Qe7+ Qd7 45.Qc5+ Qc6 46.Qe7+ Kb8 47.Qd8+ Qc8
48.Qb6 Qf5+ 49.Kg1 Qd5 50.Bf1 Ng4  0-1

[Event "Open"]
[Site "Kaikoura NZL"]
[Date "2008.11.09"]
[Round "3"]
[White "Nokes,R"]
[Black "Fraemohs,P"]
[Result "1-0"]
[WhiteElo "2293"]
[BlackElo "1955"]

1.e4 d6 2.d4 g6 3.Nc3 Bg7 4.Be3 a6 5.a4 Nc6 6.h3 Bd7 7.f4 e5 8.d5 Nd4 9.Nf3 Nxf3+
10.Qxf3 f6 11.Bd3 Nh6 12.f5 Nf7 13.O-O g5 14.a5 h5 15.Ne2 Bh6 16.g4 h4 17.c4 Bf8
18.b4 c5 19.Rfb1 Be7 20.Qf2 Qc8 21.Nc3 O-O 22.Ra3 Qc7 23.bxc5 dxc5 24.Rb6 Bd6
25.Bf1 Rfc8 26.Rab3 Rab8 27.Qb2 Nd8 28.Kg2 Kf7 29.Nb1 Ba4 30.Ra3 Be8 31.Nd2 Qe7
32.Rd3 Ra8 33.Nf3 Rc7 34.Qd2 Kg8 35.Nxg5 fxg5 36.Bxg5 Qf8 37.Bxd8 Rxd8 38.Qg5+ Bg6
39.Qxg6+ Rg7 40.Qe6+ Kh8 41.f6 Rg6 42.Rf3 Bc7 43.Rxb7 Rd6 44.Qe7  1-0

[Event "38th Olympiad"]
[Site "Dresden GER"]
[Date "2008.11.15"]
[Round "3"]
[White "Bermudez Adams,W"]
[Black "McNab,C"]
[Result "0-1"]
[WhiteElo "2169"]
[BlackElo "2455"]

1.e4 g6 2.d4 d6 3.Nc3 Bg7 4.Be3 Nf6 5.Qd2 c6 6.Bd3 Ng4 7.Nf3 Nxe3 8.Qxe3 O-O
9.O-O Nd7 10.a4 a5 11.Rfe1 e5 12.dxe5 Nxe5 13.Nxe5 Bxe5 14.f4 Bg7 15.Rad1 Re8
16.e5 Bg4 17.Be2 Bxe2 18.Rxe2 Qe7 19.Red2 dxe5 20.Rd7 Qe6 21.R1d6 Qf5 22.Qe4 Qxf4
23.Qxf4 exf4 24.Rxb7 Rad8 25.Ne4 Rxd6 26.Nxd6 Re1+ 27.Kf2 Rd1 28.Nc4 f5 29.c3 Bf8
30.Nxa5 Bc5+ 31.Ke2 Rg1 32.Nxc6 Rxg2+ 33.Ke1 Bf2+ 34.Kf1 f3 35.Nd4 Be3 36.Nxf3 Rf2+
37.Ke1 Rxf3 38.a5 Rf2 39.b4 Ra2 40.Rd7 f4 41.Rd3 Kf7 42.c4 Ke6 43.c5 Ke5
44.c6 Ke4  0-1

[Event "XXXII Tenkes Cup"]
[Site "Harkany HUN"]
[Date "2008.11.15"]
[Round "2"]
[White "Mihok,O"]
[Black "Corrales Jimenez,F"]
[Result "0-1"]
[WhiteElo "2345"]
[BlackElo "2552"]

1.e4 g6 2.d4 Bg7 3.Nc3 d6 4.f4 Nf6 5.Nf3 O-O 6.Be3 c5 7.dxc5 Qa5 8.Nd2 Ng4
9.Bg1 Bxc3 10.bxc3 Qxc3 11.Rb1 dxc5 12.Rb3 Qa5 13.Bc4 Nc6 14.h3 Nf6 15.Rb5 Qc7
16.e5 Nh5 17.Qf3 b6 18.Bd5 Bb7 19.g4 Nxe5 20.fxe5 Qxe5+ 21.Be4 Nf6 22.Bd4 Qxd4
23.Bxb7 Rad8 24.Qe2 Rd7 25.Bf3 Rfd8 26.Nc4 Qc3+ 27.Kf1 Rd1+ 28.Kg2 R1d2 29.Nxd2 Rxd2
30.Re1 Qxc2 31.Qxd2 Qxd2+ 32.Re2 Qd6 33.Rbb2 Nd5 34.Rbd2 Nf4+ 35.Kf1 Qc7
36.Rh2 c4 37.h4 c3 38.Rc2 b5 39.h5 b4 40.hxg6 hxg6 41.Rhd2 Qc4+ 42.Kg1 Qc5+
43.Kf1 Qb5+ 44.Be2 cxd2  0-1

[Event "38th Olympiad"]
[Site "Dresden GER"]
[Date "2008.11.16"]
[Round "4"]
[White "Goh Weiming"]
[Black "Hawes,J"]
[Result "1-0"]
[WhiteElo "2420"]
[BlackElo "2174"]

1.e4 g6 2.d4 Bg7 3.Nc3 d6 4.f4 c6 5.Nf3 Nd7 6.e5 Nb6 7.Bd3 Nh6 8.O-O Bg4
9.h3 Bxf3 10.Qxf3 Qd7 11.a4 Nf5 12.a5 Nc8 13.Qf2 h5 14.a6 Nb6 15.axb7 Qxb7
16.Ne4 h4 17.c3 Nd5 18.Ng5 Nc7 19.Nf3 d5 20.Bd2 e6 21.Rfb1 Bf8 22.Bxf5 gxf5
23.Nxh4 Be7 24.Nf3 Kd7 25.b3 Rag8 26.Kh2 Nb5 27.Be1 a6 28.c4 Nc7 29.Ba5 Ne8
30.cxd5 exd5 31.Qc2 Ng7 32.Re1 Ke6 33.Rac1 Rc8 34.Re3 Qb5 35.Bd2 Rh5 36.Rc3 Kd7
37.e6+ Nxe6 38.Ne5+ Ke8 39.Qd1 Rh6 40.Rxc6 Rxc6 41.Rxc6 Bf6 42.Rc8+ Bd8 43.Qc2  1-0

[Event "38th Olympiad w"]
[Site "Dresden GER"]
[Date "2008.11.16"]
[Round "4"]
[White "Van Weersel,A"]
[Black "Lim,G"]
[Result "1-0"]
[WhiteElo "2209"]
[BlackElo "2072"]

1.e4 g6 2.d4 Bg7 3.Nc3 d6 4.Nf3 Bg4 5.Be2 Nd7 6.Be3 a6 7.a4 e6 8.Qd2 h5 9.h3 Bxf3
10.Bxf3 Ne7 11.O-O c6 12.a5 b5 13.axb6 Nxb6 14.b3 a5 15.Na4 Nd7 16.Ra2 O-O
17.Nb2 d5 18.Rfa1 e5 19.exd5 Nxd5 20.Bxd5 cxd5 21.dxe5 Bxe5 22.Bd4 Qf6 23.Bxe5 Qxe5
24.Nd3 Qd4 25.Ra4 Qf6 26.R1a2 Rfc8 27.Rxa5 Rxa5 28.Rxa5 d4 29.Ra2 Nc5 30.Nxc5 Rxc5
31.Ra8+ Kg7 32.Ra4 Rd5 33.Qd3 Rd6 34.Ra1 Rb6 35.Rd1 Rb4 36.Re1 Rb6 37.Rd1 Rb4
38.Qe4 Qd6 39.Rd3 Qc5 40.Rd1 f6 41.Re1 Kh6 42.Qa8 Kg5 43.g3 Qxc2 44.Qa5+  1-0

[Event "9th Open"]
[Site "Liberec CZE"]
[Date "2008.11.20"]
[Round "7"]
[White "Dadello,Al"]
[Black "Tejnsky,B"]
[Result "1/2-1/2"]
[WhiteElo "1709"]
[BlackElo "1974"]

1.e4 d6 2.d4 g6 3.Nc3 Bg7 4.f4 Nf6 5.Nf3 O-O 6.Be3 Nbd7 7.Qd2 e5 8.fxe5 dxe5
9.dxe5 Ng4 10.Bg5 Qe8 11.O-O-O Ngxe5 12.Nxe5 Nxe5 13.Nd5 Qa4 14.a3 Bg4 15.Re1 f6
16.Bh6 Rad8 17.Qe3 Nc4 18.Bxc4 Qxc4 19.Bxg7 Kxg7 20.b3 Qc6 21.h4 h5 22.Qg3 Rd7
23.Rhf1 Qc5 24.Kb2 c6 25.Ne3 Qd4+ 26.Kb1 Qe5 27.Qxe5 fxe5 28.Rxf8 Kxf8 29.Nc4 Re7
30.Re3 Kg7 31.Rg3 Kf6 32.Ne3 Be2 33.Nc4 Bxc4 34.bxc4 Rd7 35.Rf3+ Ke6 36.Rg3 Kf6
37.Rf3+ Kg7 38.c3 Rd2 39.g3 Re2 40.Rd3 Rxe4 41.Rd7+ Kf6 42.c5 Re3 43.Kb2 Ke6
44.Rd6+ Kf5 45.Rd7 Ke4 46.Rxb7 Kd5 47.Rxa7 Kxc5 48.Re7 Kd6 49.Rb7 Rxg3 50.a4 Rg2+
51.Kb3 Rg1 52.Kb2 Rg2+ 53.Kb3 Rg1 54.Kb2 e4 55.Kc2 Rg2+ 56.Kd1 Ra2 57.Rb4 Kd5
58.Rd4+ Ke5 59.Rc4 Kf5 60.Rc5+ Kf4 61.Rxc6 Rxa4 62.Rxg6 Ke3 63.Rg3+ Kf2 64.Rh3 Ra1+
65.Kd2 Ra2+ 66.Kd1 Ra1+ 67.Kd2 Ra3 68.Rh2+ Kg3 69.Re2 Kf4 70.Rf2+ Kg3 71.Re2 Ra4
72.Kc2 Ra2+ 73.Kd1 Ra1+ 74.Kd2 Ra2+ 75.Kd1 Rxe2 76.Kxe2 Kxh4 77.c4 Kg5 78.c5 Kf6
79.Ke3 Ke6 80.Kxe4 h4 81.Kf4 Kd5 82.Kg4 Kxc5 83.Kxh4  1/2-1/2

[Event "38th Olympiad w"]
[Site "Dresden GER"]
[Date "2008.11.22"]
[Round "9"]
[White "Coimbra,M"]
[Black "Munoz,Do"]
[Result "1-0"]
[WhiteElo "2105"]
[BlackElo "1917"]

1.e4 d6 2.d4 g6 3.Nc3 Bg7 4.Be3 c6 5.Qd2 Nf6 6.h3 Nbd7 7.Nf3 Qc7 8.a4 e5
9.dxe5 dxe5 10.Bc4 O-O 11.O-O b6 12.Rad1 Bb7 13.Qd6 Rac8 14.Qxc7 Rxc7 15.Rd3 Nh5
16.Rfd1 Nb8 17.Rd8 Rc8 18.Rxf8+ Rxf8 19.Ng5 Bf6 20.a5 b5 21.Bxf7+ Kh8 22.Ba2 Bxg5
23.Bxg5 Nf4 24.Be7  1-0

[Event "38th Olympiad w"]
[Site "Dresden GER"]
[Date "2008.11.22"]
[Round "9"]
[White "Steil Antoni,F"]
[Black "Michna,Mart"]
[Result "0-1"]
[WhiteElo "2166"]
[BlackElo "2399"]

1.e4 g6 2.d4 Bg7 3.Nc3 d6 4.Be3 Nd7 5.Qd2 e6 6.Nf3 h6 7.O-O-O a6 8.Ne1 Ne7
9.f4 d5 10.g3 Nb6 11.e5 Nc4 12.Bxc4 dxc4 13.d5 exd5 14.Nxd5 Bg4 15.Nf6+ Bxf6
16.Qxd8+ Rxd8 17.Rxd8+ Kxd8 18.exf6 Nf5 19.Bf2 Nd6 20.Ng2 Re8 21.Re1 Bf3
22.Rxe8+ Nxe8 23.Ne3 b5 24.g4 Nxf6 25.Bh4 Ke7 26.a3 Ke6 27.Bxf6 Kxf6 28.h4 g5
29.fxg5+ hxg5 30.h5 Ke5 31.Kd2 Be4 32.c3 c6 33.Ke2 Kf4 34.Kf2 Bd3 35.h6 Bh7
36.Nf5 Kxg4 37.Nd6 f5 38.Nb7 Kh5 39.Nd8 Kxh6 40.Nxc6 g4 41.Nb8 f4 42.Nxa6 g3+
43.Kg1 f3  0-1

[Event "38th Olympiad"]
[Site "Dresden GER"]
[Date "2008.11.22"]
[Round "9"]
[White "Zhao Zong Yuan"]
[Black "Kakageldyev,A"]
[Result "1-0"]
[WhiteElo "2567"]
[BlackElo "2449"]

1.e4 g6 2.d4 Bg7 3.Nc3 d6 4.Be3 Nf6 5.Qd2 c6 6.Bh6 O-O 7.O-O-O b5 8.Bxg7 Kxg7
9.e5 dxe5 10.dxe5 Qxd2+ 11.Rxd2 Ng4 12.f4 Nd7 13.Nf3 Nc5 14.Nd4 b4 15.Nd1 Ne4
16.Re2 Bb7 17.Nb3 c5 18.Na5 Bd5 19.c4 bxc3 20.Nxc3 Nxc3 21.bxc3 Rab8 22.h3 Nh6
23.Rd2 e6 24.Bc4 Ba8 25.Re1 Nf5 26.g4 Ne7 27.Rd7 Nd5 28.f5 Nb6 29.Rxa7 Nxc4
30.Nxc4 Bd5 31.Nd6 Ra8 32.f6+ Kg8 33.Rxa8 Rxa8 34.Re2 Bxa2 35.c4 Bb3 36.g5 Ra1+
37.Kd2 Rh1 38.Re3 Rh2+ 39.Kc1 Rh1+ 40.Kb2 Ba4 41.Ra3 Rh2+ 42.Kc1 Rh1+ 43.Kd2 Rh2+
44.Ke1 Bc6 45.Rb3 Rh1+ 46.Kf2 Rh2+ 47.Kg3 Rg2+ 48.Kh4 h6 49.Rb8+ Kh7 50.Nxf7  1-0

[Event "TCh-NED 2008-9"]
[Site "Netherlands NED"]
[Date "2008.11.22"]
[Round "3"]
[White "Caessens,R"]
[Black "Roobol,M"]
[Result "1/2-1/2"]
[WhiteElo "2207"]
[BlackElo "2330"]

1.d4 g6 2.e4 Bg7 3.Nc3 d6 4.Be3 a6 5.a4 Nc6 6.d5 Nb8 7.Nf3 Bg4 8.Be2 Nf6
9.O-O O-O 10.h3 Bxf3 11.Bxf3 c5 12.e5 Ne8 13.exd6 exd6 14.Qd2 Nd7 15.Bh6 Bxh6
16.Qxh6 f5 17.Be2 Ne5 18.Rfe1 Ng7 19.Qd2 f4 20.Bf1 Qh4 21.Ne4 Nf7 22.Qc3 Ne8
23.a5 Rd8 24.Rad1 Rd7 25.Nd2 Ng7 26.Nf3 Qd8 27.Bd3 Re8 28.Rxe8+ Qxe8 29.Qc4 g5
30.Re1 Re7 31.Rxe7 Qxe7 32.Qe4 Qxe4 33.Bxe4 h6 34.Kf1 Kf8 35.Ke2 Ke7 36.c3 Kf6
37.Bc2 h5 38.Ba4 g4 39.hxg4 hxg4 40.Nd2 Ne5 41.Bc2 Ne8 42.b3 Nd7 43.Nc4 Kg5
44.b4  1/2-1/2

[Event "38th Olympiad"]
[Site "Dresden GER"]
[Date "2008.11.23"]
[Round "10"]
[White "Magana,B"]
[Black "Cekro,E"]
[Result "0-1"]
[WhiteElo "2141"]
[BlackElo "2419"]

1.e4 g6 2.d4 Bg7 3.Nc3 d6 4.f4 c6 5.Nf3 d5 6.Bd3 Bg4 7.e5 e6 8.h3 Bxf3 9.Qxf3 h5
10.Be3 h4 11.O-O-O Nd7 12.Kb1 Bf8 13.Ne2 Be7 14.g4 hxg3 15.Nxg3 Qc7 16.Qg4 Rh4
17.Qf3 O-O-O 18.Bf2 Rf8 19.Nf1 Rh5 20.Qg2 Qd8 21.Be2 Rh6 22.Ne3 Bh4 23.Ng4 Rh7
24.Be3 Ne7 25.Rd3 Nf5 26.Bd2 Kb8 27.Rd1 Be7 28.Be3 Qa5 29.Bf2 Rc8 30.Rb3 Ka8
31.Ne3 Nxe3 32.Bxe3 Rch8 33.Bf2 Qd8 34.Rdd3 Nb6 35.Rdc3 Qd7 36.Qg1 Na4 37.Rf3 b5
38.Qe1 Nb6 39.Rbd3 Qb7 40.Qf1 Nc4 41.Be1 Qb6 42.a3 a5 43.Rd1 Rb8 44.Rb3 Rhh8
45.a4 Qa6 46.axb5 cxb5 47.Bxc4 bxc4 48.Rxb8+ Rxb8 49.Bc3 Bb4 50.Qf3 Qb6 51.Kc1 Ka7
52.Rf1 Ka6 53.Rf2 Qb5 54.Rg2 Rb6 55.Rg5 Qa4 56.Kb1 Ba3 57.Kc1 Be7 58.Rg4 Qa1+
59.Kd2 Bb4 60.Rh4 Qxb2 61.Rh8 Rb7 62.Rc8 Kb6 63.h4 Ka7 64.Rc5 Rd7 65.Rc8 Kb7
66.Rxc4 Qa3 67.Rc5 Bxc5 68.dxc5 Qxc5  0-1

[Event "21st Belgrade Trophy"]
[Site "Obrenovac SRB"]
[Date "2008.11.30"]
[Round "4"]
[White "Ilic,SloS2"]
[Black "Bozic,Mila"]
[Result "0-1"]
[WhiteElo "2186"]
[BlackElo "2435"]

1.e4 d6 2.d4 g6 3.Nc3 Bg7 4.Be3 Nf6 5.f3 c6 6.Qd2 b5 7.O-O-O Qa5 8.Kb1 Nbd7
9.Nd5 Qxd2 10.Nxf6+ Bxf6 11.Rxd2 a6 12.f4 Nb6 13.b3 b4 14.Nf3 a5 15.Bd3 d5
16.e5 Bg7 17.h3 h5 18.Rg1 Bd7 19.Rf2 h4 20.Rc1 e6 21.Nh2 Bf8 22.Ng4 Be7 23.Re2 a4
24.Nf6+ Kd8 25.Bf2 Kc7 26.Be1 Ra7 27.Bf2 Bc8 28.Be1 Ba6 29.Bxa6 Rxa6 30.Bf2 Nc8
31.c4 bxc3 32.Rxc3 Bxf6 33.exf6 Nd6 34.Rcc2 axb3 35.axb3 Ra3 36.Rb2 Ne4 37.Be1 Rha8
38.Kc2 Ra1 39.Bxh4 Rf1 40.Bg5 Ng3 41.Rd2 Raa1 42.Kd3 Ne4 43.Rdc2 Rad1+ 44.Ke3 Ng3
45.Rd2 Rde1+ 46.Kd3 Ne4 47.Rdc2 Kb6 48.Re2 Rd1+ 49.Ke3 Nc3 50.Red2 Rde1+
51.Kd3 Nd1 52.Ra2 Re3+ 53.Kc2 Rc3+ 54.Kb1 Rxb3+ 55.Kc2 Rc3+ 56.Kb1 Ne3+ 57.Kb2 Rfc1  0-1

[Event "21st Belgrade Trophy"]
[Site "Obrenovac SRB"]
[Date "2008.11.30"]
[Round "4"]
[White "Lukovic,V"]
[Black "Belotelov,D"]
[Result "0-1"]
[WhiteElo "2063"]
[BlackElo "2292"]

1.e4 g6 2.d4 Bg7 3.Nc3 d6 4.h3 a5 5.a4 Nd7 6.Nf3 b6 7.Be3 e6 8.Ne2 Bb7 9.Ng3 Ngf6
10.Nd2 Qe7 11.Bd3 O-O 12.f4 e5 13.dxe5 dxe5 14.f5 Nc5 15.Qe2 Rfd8 16.Bxc5 Qxc5
17.Nb3 Qb4+ 18.Qd2 Qxd2+ 19.Nxd2 Bh6 20.fxg6 hxg6 21.Ngf1 c5 22.Ke2 b5 23.b3 c4
24.bxc4 bxc4 25.Nxc4 Bxe4 26.Nce3 Bxd3+ 27.cxd3 e4 28.dxe4 Nxe4 29.Ng4 Bg7  0-1

[Event "21st Belgrade Trophy"]
[Site "Obrenovac SRB"]
[Date "2008.11.30"]
[Round "4"]
[White "Mikicic,Du"]
[Black "Popovic,Mila2"]
[Result "0-1"]
[WhiteElo "2197"]
[BlackElo "1976"]

1.e4 g6 2.d4 d6 3.Nc3 Bg7 4.Be3 Nf6 5.f3 Nbd7 6.Qd2 c5 7.Nge2 Nb6 8.dxc5 Nc4
9.Qc1 Nxe3 10.Qxe3 dxc5 11.Qxc5 b6 12.Qe3 Ba6 13.Rd1 Qc8 14.Kf2 O-O 15.Nd4 Bb7
16.Bd3 Rd8 17.Nde2 Nd7 18.g3 Ne5 19.Kg2 Qe6 20.Nf4 Qc6 21.Nfd5 Kf8 22.Qe2 e6
23.Ne3 a6 24.f4 Nd7 25.Kh3 b5 26.e5 Nc5 27.Rhg1 g5 28.Nb1 f6 29.Ng4 Nd7  0-1

[Event "Mediterranean Open"]
[Site "Rijeka CRO"]
[Date "2008.11.30"]
[Round "2"]
[White "Plenca,J"]
[Black "Sulava,N"]
[Result "0-1"]
[WhiteElo "2236"]
[BlackElo "2497"]

1.e4 g6 2.d4 Bg7 3.Nc3 d6 4.Be3 a6 5.a4 Nc6 6.Bc4 e5 7.Nge2 Nf6 8.f3 O-O
9.Qd2 exd4 10.Nxd4 Ne5 11.Ba2 c5 12.Nde2 Be6 13.Bxe6 fxe6 14.b3 Qc7 15.Rd1 Rad8
16.Bf4 Nf7 17.Qe3 Nh5 18.Bg3 Bh6 19.f4 g5 20.O-O gxf4 21.Bxf4 Nxf4 22.Nxf4 Ne5
23.Qg3+ Kh8 24.Nce2 Rg8 25.Qh3 Ng4 26.Rf3 c4 27.Rdf1 cxb3 28.cxb3 Rdf8 29.Qh5 Rf6
30.Qh4 Qg7 31.Nh5 Rxf3 32.gxf3 Qb2 33.Nhg3 Bg5 34.Qh3 Be3+ 35.Kg2 Ne5 36.Kh1 Qxb3
37.Qh4 Bg5 38.Qh5 Nd3 39.f4 Bf6 40.Qf7 Bg7 41.f5 Rf8 42.Qe7 exf5 43.Nxf5 Qb2
44.Rf3 Rg8 45.Nxg7 Qxe2 46.Qf6 Qe1+ 47.Rf1 Qxe4+ 48.Rf3 Qe1+ 49.Rf1 Qe4+
50.Rf3 Qe1+ 51.Rf1 Qe5 52.Nh5+ Qxf6 53.Rxf6 b5 54.axb5 axb5 55.h3 Rb8 56.Rxd6 Ne5
57.Nf6 b4 58.Re6 Ng6 59.Re2 b3 60.Rb2 Ne5 61.Nd5 Nd3 62.Rb1 b2 63.Kg2 Rc8  0-1

[Event "Mediterranean Open"]
[Site "Rijeka CRO"]
[Date "2008.11.30"]
[Round "3"]
[White "Susak,Z"]
[Black "Rukavina,J"]
[Result "1-0"]
[WhiteElo "2232"]
[BlackElo "2429"]

1.e4 d6 2.d4 g6 3.Nc3 Bg7 4.Be3 c6 5.Qd2 b5 6.Bd3 Nf6 7.h3 e5 8.dxe5 dxe5
9.Nf3 Nbd7 10.Ne2 Bb7 11.Ng3 h5 12.Ng5 Qe7 13.O-O Nc5 14.b4 Nxd3 15.cxd3 Nd7
16.a4 bxa4 17.Rxa4 a6 18.h4 O-O 19.Ra5 Rac8 20.Rb1 Rfd8 21.Qe2 Bf6 22.Nf1 Nf8
23.Nd2 Ne6 24.Nxe6 Qxe6 25.Bg5 Be7 26.Bxe7 Qxe7 27.g3 Rc7 28.Nc4 f6 29.Rc5 Bc8
30.Rc1 Qe6 31.Na5 Bd7 32.R5c3 Qd6 33.Nb3 Qxb4 34.Nc5 Qd4 35.Nxa6 Rcc8 36.Kg2 Be8
37.Nc5 Bf7 38.g4 Kh7 39.Qf3 Rd6 40.Ra3 Rg8 41.Ra7 Rg7 42.Rc2 f5 43.Rxf7 Rxf7
44.gxf5 gxf5 45.Qxh5+ Kg7 46.exf5 Qf4 47.Ne6+ Rxe6 48.fxe6 Rf6 49.e7 Re6
50.Rxc6  1-0

[Event "Mediterranean Open"]
[Site "Rijeka CRO"]
[Date "2008.12.01"]
[Round "4"]
[White "Cucancic,S"]
[Black "Ljubicic,F"]
[Result "0-1"]
[WhiteElo "2257"]
[BlackElo "2415"]

1.e4 g6 2.d4 Bg7 3.Nc3 d6 4.Be3 Nf6 5.h3 c6 6.a4 a5 7.g3 Na6 8.Bg2 Nb4 9.Nge2 O-O
10.O-O e5 11.Qd2 Re8 12.Rad1 exd4 13.Bxd4 Be6 14.b3 d5 15.exd5 cxd5 16.Nf4 Rc8
17.Nfxd5 Bxd5 18.Bxd5 Nbxd5  0-1

[Event "Snowdrops vs Old-hands"]
[Site "Marianske Lazne CZE"]
[Date "2008.12.04"]
[Round "6"]
[White "Nemcova,Kat"]
[Black "Olafsson,F"]
[Result "0-1"]
[WhiteElo "2369"]
[BlackElo "2440"]

1.e4 d6 2.d4 g6 3.Nc3 Bg7 4.Be3 Nc6 5.d5 Nb8 6.Qd2 c6 7.Nf3 Nf6 8.h3 b5 9.a3 a6
10.dxc6 Nxc6 11.Bd3 O-O 12.O-O Bb7 13.Rfe1 d5 14.Bh6 dxe4 15.Bxg7 Kxg7 16.Nxe4 Nd4
17.Nxd4 Qxd4 18.Qc3 Qxc3 19.Nxc3 e6 20.Ne4 Rfd8 21.Nc5 Bc6 22.a4 bxa4 23.Nxa4 Bb5
24.Nc5 Rac8 25.b4 Rd4 26.Bxb5 axb5 27.c3 Rc4 28.Ra7 Kg8 29.Rb7 Rxc3 30.Rxb5 Nd5
31.Rb7 Nxb4 32.Rxb4 R8xc5 33.Re2 R5c4 34.Rbb2 g5 35.Kh2 Kg7 36.Rb5 Kg6 37.Rbb2 h5
38.Ra2 h4 39.Re1 Rc5 40.Kg1 Kf5 41.Kf1 e5 42.f3 R3c4 43.Ree2 Kf4 44.Kf2 f5
45.Ra3 Rb5 46.Rae3 Rc1 47.Re1 Rb2+ 48.R3e2 Rcc2 49.Rxc2 Rxc2+ 50.Kf1 Rb2
51.Kg1 Kg3  0-1

[Event "III Open"]
[Site "Palma de Mallorca ESP"]
[Date "2008.12.06"]
[Round "1"]
[White "Mikkelsen,N"]
[Black "Lechado Artigues,P"]
[Result "0-1"]
[WhiteElo "2441"]
[BlackElo "2021"]

1.e4 g6 2.d4 Bg7 3.Nc3 d6 4.Be3 c6 5.a4 Nf6 6.h3 O-O 7.Nge2 e5 8.g3 Qe7 9.Bg2 Na6
10.O-O Be6 11.f4 Rad8 12.g4 exf4 13.Nxf4 d5 14.e5 Nd7 15.Qe2 Nxe5 16.Nxe6 Qxe6
17.Bg5 Nc4 18.Bxd8 Bxd4+ 19.Kh1 Rxd8 20.Qd3 Qe3 21.Rad1 Qxd3 22.Rxd3 Bg7
23.Nxd5 cxd5 24.Rxd5 Rxd5 25.Bxd5 Nd6 26.c3 Kf8 27.Kg2 Nc5 28.a5 Nd3 29.Rb1 Nf4+
30.Kf3 Nxd5 31.Rd1 Nxc3 32.Rxd6 Ke7 33.Rd3 Nb5 34.Rd2 Ke6 35.h4 Be5 36.g5 Bc7
37.Re2+ Kd7 38.Rd2+ Kc6 39.Rc2+ Kd5 40.Rd2+ Nd4+ 41.Ke3 Be5 42.a6 bxa6 43.Rd3 f5
44.gxf6 Bxf6 45.h5 gxh5 46.Kf4 h6 47.Ra3 Be5+ 48.Ke3 Nc2+  0-1

[Event "III Open"]
[Site "Palma de Mallorca ESP"]
[Date "2008.12.06"]
[Round "1"]
[White "Arutinian,D"]
[Black "Rhein,K"]
[Result "1-0"]
[WhiteElo "2584"]
[BlackElo "2164"]

1.d4 d6 2.e4 g6 3.Nc3 Bg7 4.Nge2 a6 5.a4 b6 6.g3 Bb7 7.Bg2 Nd7 8.O-O e6 9.Be3 h6
10.Qd2 Ne7 11.h3 Rb8 12.Rad1 d5 13.exd5 Nxd5 14.Nxd5 Bxd5 15.Bxd5 exd5 16.Rfe1 Nf6
17.Nc3 Kf8 18.Bf4 Qd7 19.Kg2 Kg8 20.Qe2 Kh7 21.Qxa6 Nh5 22.Bc1 c5 23.Qb5 Rhd8
24.Qxd7 Rxd7 25.Nb5 Ra8 26.b3 c4 27.Ba3 cxb3 28.cxb3 Nf6 29.Rc1 Ne4 30.Rc6 Rb8
31.h4 h5 32.f3 Nf6 33.Bd6 Rbb7 34.Bc7  1-0

[Event "Mediterranean Open"]
[Site "Rijeka CRO"]
[Date "2008.12.06"]
[Round "9"]
[White "Martic,Z"]
[Black "Nikolov,Sas"]
[Result "1-0"]
[WhiteElo "2319"]
[BlackElo "2409"]

1.d4 g6 2.e4 Bg7 3.Nc3 d6 4.h3 a6 5.g4 b5 6.Bg2 Bb7 7.Nge2 e6 8.Be3 Nd7 9.O-O Ne7
10.Qd2 Nb6 11.b3 O-O 12.a4 b4 13.Nd1 c5 14.Bh6 Bxh6 15.Qxh6 cxd4 16.Nxd4 e5
17.Nf3 f6 18.Re1 Rc8 19.Ne3 Kh8 20.g5 Bxe4 21.gxf6 Nf5 22.Nxf5 Qxf6 23.N3h4 Rc7
24.Rxe4 gxf5 25.Qxf6+ Rxf6 26.Rxb4 d5 27.Rd1 d4 28.a5 Nd7 29.Rc4  1-0

[Event "FSGM December"]
[Site "Budapest HUN"]
[Date "2008.12.07"]
[Round "2"]
[White "Duong The Anh"]
[Black "Toth,E"]
[Result "1/2-1/2"]
[WhiteElo "2420"]
[BlackElo "2401"]

1.d4 g6 2.e4 d6 3.Nc3 Bg7 4.Be3 c6 5.Qd2 b5 6.a4 b4 7.Nd1 a5 8.c3 bxc3 9.bxc3 Nf6
10.f3 O-O 11.Bh6 e5 12.Bxg7 Kxg7 13.Ne3 Nbd7 14.Rd1 d5 15.exd5 cxd5 16.Bb5 e4
17.f4 Nb6 18.Ne2 Bd7 19.O-O Nxa4 20.Bxa4 Bxa4 21.Rb1 Bd7 22.f5 Rb8 23.Rxb8 Qxb8
24.g4 h6 25.Nf4 Qd6 26.Qa2 Bc6 27.Qxa5 Ra8 28.Qb6 Rb8 29.Qa7 Rb7 30.Qa6 Rb3
31.Qa7 Rb7 32.Qa6 Rb3 33.Qa7 Rb7  1/2-1/2

[Event "III Open"]
[Site "Palma de Mallorca ESP"]
[Date "2008.12.07"]
[Round "2"]
[White "Gonzales,Jay"]
[Black "Garcia del Rey,S"]
[Result "0-1"]
[WhiteElo "2469"]
[BlackElo "2295"]

1.d4 g6 2.e4 Bg7 3.Nc3 d6 4.Be3 a6 5.a4 b6 6.Qd2 Bb7 7.f3 Nd7 8.Nge2 c5 9.Rd1 cxd4
10.Nxd4 Ngf6 11.Bh6 Bxh6 12.Qxh6 Qc7 13.Be2 Qc5 14.Nb3 Qh5 15.Qe3 Qh4+ 16.g3 Qh3
17.Bf1 Qh5 18.h4 Rc8 19.Be2 O-O 20.O-O Rc7 21.Rd2 Rfc8 22.Kh2 Ne5 23.Qxb6 g5
24.Qf2 g4 25.f4 Rxc3 26.bxc3 Nxe4 27.Qa7 Rxc3 28.Bd3 Rxc2 29.Qxb7 Rxd2+ 30.Kg1 Nxd3  0-1